Capitales et pays avec carte - Statistiques

Statistiques générales
  • Ce quiz a été pris 65 fois
  • Le résultat moyen est 342 sur 395
Réponses sur la Carte
Les réponses sont colorées sur une échelle allant du rouge au vert en fonction du pourcentage des utilisateurs qui les ont devinées à leur premier essai. Vous pouvez retrouver ces pourcentages ci-dessous.
 
Statistiques - réponses
% Correct
100%
100%
100%
100%
100%
100%
100%
100%
100%
100%
100%
100%
100%
100%
100%
100%
100%
100%
100%
100%
100%
100%
100%
100%
100%
100%
100%
100%
100%
100%
100%
100%
100%
100%
100%
100%
100%
100%
100%
100%
100%
100%
100%
100%
100%
100%
100%
100%
100%
100%
100%
100%
100%
100%
100%
100%
100%
100%
100%
100%
100%
96%
96%
96%
96%
96%
96%
96%
96%
96%
96%
96%
96%
96%
96%
96%
96%
96%
96%
96%
96%
96%
96%
96%
96%
96%
96%
96%
96%
96%
96%
96%
96%
96%
96%
96%
96%
96%
96%
96%
96%
96%
96%
96%
96%
96%
96%
96%
96%
96%
96%
96%
96%
96%
92%
92%
92%
92%
92%
92%
92%
92%
92%
92%
92%
92%
92%
92%
92%
92%
92%
92%
92%
92%
92%
92%
92%
92%
92%
92%
92%
92%
92%
92%
92%
92%
92%
92%
92%
92%
92%
92%
92%
92%
92%
92%
92%
92%
92%
92%
92%
92%
92%
92%
92%
92%
92%
92%
92%
92%
92%
92%
92%
92%
92%
88%
88%
88%
88%
88%
88%
88%
88%
88%
88%
88%
88%
88%
88%
88%
88%
88%
88%
88%
88%
88%
88%
88%
88%
88%
88%
88%
88%
88%
88%
88%
88%
88%
88%
88%
88%
88%
88%
88%
88%
88%
88%
88%
88%
88%
85%
85%
85%
85%
85%
85%
85%
85%
85%
85%
85%
85%
85%
85%
85%
85%
85%
85%
85%
85%
85%
85%
85%
85%
85%
85%
85%
85%
85%
85%
85%
85%
85%
85%
85%
85%
85%
85%
81%
81%
81%
81%
81%
81%
81%
81%
81%
81%
81%
81%
81%
81%
81%
81%
81%
81%
81%
81%
81%
81%
81%
81%
81%
81%
81%
81%
77%
77%
77%
77%
77%
77%
77%
77%
77%
77%
77%
77%
77%
77%
77%
77%
77%
77%
77%
77%
77%
77%
77%
77%
77%
77%
77%
77%
73%
73%
73%
73%
73%
73%
73%
73%
73%
73%
73%
73%
73%
73%
73%
73%
73%
73%
73%
73%
73%
73%
73%
73%
73%
73%
69%
69%
69%
69%
69%
69%
69%
69%
69%
69%
69%
69%
69%
69%
69%
69%
69%
69%
69%
69%
65%
65%
65%
65%
65%
65%
65%
65%
65%
65%
65%
65%
65%
62%
62%
62%
62%
62%
62%
62%
62%
62%
58%
58%
54%
38%
Aucun quiz correspondant
Distribution des résultats
% des personnes avec chaque résultat
Percentile par nombre de réponses
Votre historique - résultats
Vous n’avez pas pris ce quiz